Responses for Show #8023 - Wednesday, June 26, 2019

2019 Teen Tournament semifinal game 3.

Contestants

[<< previous game]

Jackson Jones, a junior from Louisville, Kentucky

Teagan O'Sullivan, a freshman from Charlotte, North Carolina

Avi Gupta, a senior from Portland, Oregon

[next game >>]

Jeopardy! Round responses

HISTORICAL MUSEUMS
THE SAHARA DESERT
A SNGL VWL
(Alex: Each correct response will contain only a single vowel.)
LET'S GO TO THE MOVIES
INSTA-GRAHAM
APPVERTISING
    $200 17
gold

Avi
    $200 9
Arabic

Teagan
    $200 1
scratch

Jackson
    $200 3
Dumbledore

Teagan
    $200 22
The Vampire Diaries

Teagan
    $200 12
passwords

Jackson
    $400 18
hieroglyphics

Avi
    $400 13
camels

Jackson
    $400 2
slush

Teagan
    $400 4
(Ruth Bader) Ginsburg

Teagan
    $400 23
dance

Teagan
    $400 27
Shazam

Avi
    $600 19
Valley Forge

Avi
    $600 14
sand dunes

Avi
    $600 6
grill

Jackson
    $600 5
The Hate U Give

Jackson
    $600 24
a graham cracker

Jackson
    $600 28
(Teagan: What is capture?)

share

AviTeagan
    $800 20
Auschwitz

Jackson
    $800 15
(Jackson: What is harden?)
...
(Alex: [*], yes, as in "masticate".)

chew

AviJackson
    $800 7
a splint

Avi
    $800 10
La La Land

Teagan
    $800 25
Ashley Graham

Jackson
    $800 29
Tom

Teagan
    $2,000 21
the Acropolis

Jackson
    $1000 16
(Avi: What's Algeria?)

Libya

AviJackson
    $1000 8
script

Jackson
    $1000 11
The Maze Runner

Avi
    $1000 26
South Carolina

Jackson
    $1000 30
(Jackson: What is SoundCloud?)

Bandcamp

Jackson
Triple Stumper

Scores at the first commercial break (after clue 15):

Avi Teagan Jackson
$3,200 $2,000 $2,200

Scores at the end of the Jeopardy! Round:

Avi Teagan Jackson
$4,400 $2,800 $7,400

Double Jeopardy! Round responses

THE LAWS OF PHYSICS
BROADWAY MUSICALS BY SONGS
COUNTRIES OF THE WORLD
WORDS OF ENCOURAGEMENT
ISSUES OF THE 2020s
LEGENDARY!
    $400 3
Newton

Avi
    $400 1
West Side Story

Teagan
    $400 9
Cuba

Jackson
    $400 14
praise

Jackson
    $400 15
robots

Jackson
    $400 20
Bigfoot

Jackson
    $800 4
volume

Jackson
    $800 2
The Book of Mormon

Avi
    $800 12
the Alps

Avi
    $800 25
(Teagan: What is a push?)

a boost

Teagan
Triple Stumper
    $800 16
habitat

Jackson
    $800 21
William Tell

Jackson
    $1200 13
elasticity

Teagan
    $1200 6
Mean Girls

Teagan
    $1200 11
the Indian Ocean

Avi
    $1200 26
a shot in the arm

Jackson
    $3,000 17
student loans

Jackson
    $1200 22
Lady Godiva

Avi
    $1600 24
(Teagan: What is heat?)

energy

AviTeagan
    $1600 7
Fiddler on the Roof

Teagan
    $1600 5
Ecuador

Teagan
    $1600 29
steel

Avi
    $1600 18
truck drivers

Teagan
    $1600 28
Little John

Avi
    $6,000 23
optics

Avi
    $2000 8
Hairspray

Teagan
    $2000 10
Nepal

Jackson
    $2000 30
buoy

Teagan
    $2000 19
a paper trail

Jackson
    $2000 27
Zorro

Teagan

Scores at the end of the Double Jeopardy! Round:

Avi Teagan Jackson
$19,600 $14,000 $19,600

[wagering suggestions for these scores]

Final Jeopardy! Round responses

19th CENTURY LITERARY CHARACTERS
[Jackson's response was revealed before Avi's.]
TeaganWho is Scrooge?
$13,999
JacksonWho is Eb Ebenezer Scrooge?
$19,600
AviWho is Scrooge, E To my fam, ilysm ♥
$19,600
Ebenezer Scrooge

Tiebreaker Round responses

AMERICAN HISTORY
tea

Avi

Final scores:

Avi Teagan Jackson
$39,200 $27,999 $39,200
Finalist 3rd place: $10,000 2nd place: $10,000

Game dynamics:

Coryat scores:

Avi Teagan Jackson
$15,600 $14,000 $16,800
18 R
(including 1 DD),
1 W
17 R,
3 W
23 R
(including 2 DDs),
2 W

Combined Coryat: $46,400

[game clues] [game scores] [suggest correction]

Game tape date: 2018-12-11
The J! Archive is created by fans, for fans. Scraping, republication, monetization, and malicious use prohibited; this site may use cookies and collect identifying information. See terms. The Jeopardy! game show and all elements thereof, including but not limited to copyright and trademark thereto, are the property of Jeopardy Productions, Inc. and are protected under law. This website is not affiliated with, sponsored by, or operated by Jeopardy Productions, Inc. Join the discussion at JBoard.tv.